Представление документа в формате RUSMARC

ПолеНазваниеЗначение
  Тип записи c
  Библиографический уровень m
001 Контрольный номер RU/УОНБ/EK_N/454591459
005 Дата корректировки 20251225130213.2
013 Номер (ISMN) __
d Цена 63 к.
071 Издательские номер (звукозапись и ноты) 21
a Номер, присвоенный агентством 7894
100 Данные общей обработки __
a Данные общей обработки 20140528d1900 u y0rusy0189||||ba
101 Язык документа 0_
a Язык текста rus
a Язык текста ger
f Язык титульного листа ger
102 Страна публикации __
a Страна публикации RU
105 Кодированные данные (монография) __
a Кодированные данные (монография) y###||||000|y
125 Кодированные данные звукозаписи и нотных изданий __
a Форма изложения нотного текста с|
128 Кодированные данные (звукозаписи-физические характеристики) __
a Кодированные данные: Музыкальная форма и тональность или лад st
c Инструменты или голоса, рекомендуемые для солистов (устаревшее) ka||
200 Заглавие и сведения об ответственности 1_
a Заглавие 24 Etuden
d Параллельное заглавие [24 этюда]
e Сведения, относящиеся к заглавию Op. 29
f Первые сведения об ответственности [Бертини]
g Последующие сведения об ответственности revidiert von Adolf Ruthardt
210 Выходные данные 1_
a Место издания Leipzig
c Издательство Edition Peters
215 Физическое описание __
a Объем 40 c.
d Формат 30 см
225 Серия 1_
a Серия Edition Peters
e Сведения, относящиеся к заглавию серии Nr. 182a
500 Унифицированное заглавие 10
a Унифицированное заглавие Этюды
600 Персоналии _1
a Персоналии (Фамилия) Бертини
606 Тематические рубрики 0_
a Основная рубрика Фортепиано
x Основная подрубрика Этюды
610 Ключевые слова 0_
a Ключевые слова фортепиано
610 Ключевые слова 0_
a Ключевые слова этюды
686 Индексы других классификаций __
a Классификационный индекс 85.954.294(3)
2 Код системы rubbk
700 Автор _1
a Фамилия Bertini
b Имя (инициалы) H.
g Полное личное имя Henri
702 Вторичная интеллектуальная ответственность _1
a Фамилия Ruthardt
b Имя (инициалы) A.
4 Код отношения 030
801 Источник записи _0
a Страна RU
b Организация Ульяновская ОНБ
c Дата составления 20140528
g Правила каталогизации RCR
801 Источник записи _1
a Страна RU
b Организация Ульяновская ОНБ
c Дата составления 20140528
g Правила каталогизации RCR
901 Тип документа __
t Тип документа m
909 Создатель записи __
a Создатель записи Сергеева Н. С.
910 Корректоры записи __
a Корректор записи Васина
938 Служебная информация __
a Имя БД noti
b Имя библиотеки УОНБ
c Имя АИБС МАРК-SQL
d Номер DOC_ID в БД 12225